[Event "Bundesliga 2324"]
[Site "Germany"]
[Date "2024.03.17"]
[Round "13.4"]
[White "Korobov, Anton"]
[Black "Schulze, Torben"]
[Result "1-0"]
[WhiteElo "2658"]
[BlackElo "2325"]
[PlyCount "73"]
[EventDate "2023.10.21"]
[EventType "team-tourn"]
[EventRounds "15"]
[EventCountry "GER"]
[SourceTitle "CB13_2024"]
[SourceDate "2024.03.27"]
[SourceVersion "1"]
[SourceVersionDate "2024.03.27"]
[SourceQuality "1"]
[WhiteTeam "Viernheim"]
[BlackTeam "Lister Turm"]
[WhiteTeamCountry "GER"]
[BlackTeamCountry "GER"]

1. d4 Nf6 2. c4 c5 3. d5 e6 4. Nc3 exd5 5. cxd5 d6 6. Nf3 g6 7. Bf4 a6 8. a4 Bg7 9. h3 0-0 10. e3 Ne8 11. Be2 b6 12. 0-0 Nd7 13. e4 Ne5 14. Nxe5 dxe5 15. Be3 a5 16. Nb5 Ba6 17. Na3 Bxe2 18. Qxe2 Nd6 19. f3 f5 20. Nc4 Nxc4 21. Qxc4 Qd6 22. Ra3 f4 23. Bf2 g5 24. Rb3 Rf6 25. Rd1 Rg6 26. Rb5 Bf6 27. b4 axb4 28. a5 Rxa5 29. Bxc5 Qc7 30. Rxa5 bxa5 31. Qb5 Kg7 32. d6 Qf7 33. d7 Bd8 34. Qb8 Qb3 35. Qxd8 Qxd1+ 36. Kh2 g4 37. Qf8# 1-0

[Event "Titled Tuesday intern op 12th Mar Late"]
[Site "Chess.com INT"]
[Date "2024.03.12"]
[Round "4"]
[White "Zhigalko, Sergei"]
[Black "Korobov, Anton"]
[Result "0-1"]
[WhiteElo "2572"]
[BlackElo "2662"]
[PlyCount "102"]
[EventDate "2024.03.12"]
[EventType "swiss (blitz)"]
[EventRounds "11"]
[EventCountry "USA"]
[SourceTitle "CB12_2024"]
[SourceDate "2023.10.01"]
[SourceVersion "1"]
[SourceVersionDate "2023.10.01"]
[SourceQuality "1"]

1. e4 e6 2. d4 d5 3. e5 c5 4. c3 Nc6 5. Nf3 Qb6 6. Bd3 cxd4 7. 0-0 Bd7 8. Re1 Nh6 9. c4 dxc4 10. Bxc4 Nf5 11. a3 Be7 12. Nbd2 0-0 13. Bd3 Rfd8 14. b4 Be8 15. Nc4 Qc7 16. Bf4 b5 17. Ncd2 a5 18. g4 Ne3 19. fxe3 dxe3 20. Rxe3 axb4 21. Qc2 h6 22. g5 hxg5 23. Nxg5 Rxa3 24. Rf1 Rc3 25. Bh7+ Kh8 26. Rxc3 bxc3 27. Bg8 g6 28. Qxc3 Kxg8 29. Qh3 Bxg5 30. Bxg5 Qxe5 31. Bf6 Qc5+ 32. Rf2 Qh5 33. Qxh5 gxh5 34. Bxd8 Nxd8 35. Ne4 Bc6 36. Nd6 Nb7 37. Nxb7 Bxb7 38. Rc2 Bd5 39. Rc5 b4 40. Rb5 b3 41. Kf2 Kg7 42. Kg3 Kg6 43. Kf4 Kf6 44. h4 e5+ 45. Ke3 Ke6 46. Rb6+ Kf5 47. Rb5 Be6 48. Kf3 f6 49. Rc5 Bf7 50. Rb5 Bc4 51. Rb6 Bd5+ 0-1

[Event "Titled Tuesday intern op 13th Feb Early"]
[Site "Chess.com INT"]
[Date "2024.02.13"]
[Round "7"]
[White "Korobov, Anton"]
[Black "Rohit, Krishna S"]
[Result "1-0"]
[WhiteElo "2666"]
[BlackElo "2410"]
[PlyCount "71"]
[EventDate "2024.02.13"]
[EventType "swiss (blitz)"]
[EventRounds "11"]
[EventCountry "USA"]
[SourceTitle "CB08_2024"]
[SourceDate "2024.02.21"]
[SourceVersion "1"]
[SourceVersionDate "2024.02.21"]
[SourceQuality "1"]

1. c4 Nf6 2. Nc3 e6 3. e4 d5 4. cxd5 exd5 5. e5 d4 6. exf6 dxc3 7. dxc3 Qxf6 8. Nf3 Nc6 9. Bc4 Bg4 10. 0-0 Bxf3 11. Qxf3 Qxf3 12. gxf3 Be7 13. Bf4 0-0-0 14. Bxf7 Rhf8 15. Be6+ Kb8 16. Bg3 Rxf3 17. Rad1 Bd6 18. Rfe1 Rf6 19. Bb3 a6 20. Kg2 Rdf8 21. Re2 Rg6 22. Bc2 Rh6 23. Rd5 Ka7 24. b4 Rhf6 25. Bxh7 g6 26. Rg5 Rf3 27. Bxd6 cxd6 28. Rg3 Rxg3+ 29. hxg3 Rf6 30. f4 Kb6 31. Kh3 a5 32. bxa5+ Nxa5 33. Kg4 d5 34. Kg5 Rd6 35. Bxg6 Kc5 36. f5 1-0

[Event "Tata Steel-B 86th"]
[Site "Wijk aan Zee"]
[Date "2024.01.21"]
[Round "8"]
[White "Korobov, Anton"]
[Black "Mendonca, Leon Luke"]
[Result "0-1"]
[WhiteElo "2663"]
[BlackElo "2608"]
[PlyCount "64"]
[EventDate "2024.01.13"]
[EventType "tourn"]
[EventRounds "13"]
[EventCountry "NED"]
[EventCategory "13"]
[SourceTitle "CB05_2024"]
[SourceDate "2024.01.31"]
[SourceVersion "1"]
[SourceVersionDate "2024.01.31"]
[SourceQuality "1"]

1. e4 e6 2. d4 d5 3. Nd2 c5 4. Ngf3 cxd4 5. Nxd4 Nf6 6. e5 Nfd7 7. N2f3 Nc6 8. Bf4 Be7 9. Bd3 g5 10. Bg3 Qb6 11. Nxc6 bxc6 12. h4 gxh4 13. Bxh4 Qxb2 14. Bxe7 Kxe7 15. Rb1 Qxa2 16. 0-0 Qa4 17. Qd2 Qg4 18. Nh2 Qg7 19. f4 Rg8 20. Rf2 a5 21. c4 Ba6 22. Nf3 Rgc8 23. f5 Qg4 24. fxe6 fxe6 25. Qh6 Rg8 26. Bxh7 Rg7 27. cxd5 Rh8 28. Nh2 Qg3 29. Rb3 Qxe5 30. d6+ Kd8 31. Qh4+ Kc8 32. Nf3 Qd5 0-1

[Event "Wch Blitz"]
[Site "Samarkand"]
[Date "2023.12.29"]
[Round "4"]
[White "Korobov, Anton"]
[Black "Zilka, Stepan"]
[Result "1/2-1/2"]
[WhiteElo "2672"]
[BlackElo "2615"]
[PlyCount "110"]
[EventDate "2023.12.29"]
[EventType "swiss (blitz)"]
[EventRounds "21"]
[EventCountry "UZB"]
[SourceTitle "CB01_2024"]
[SourceDate "2024.01.03"]
[SourceVersion "1"]
[SourceVersionDate "2024.01.03"]
[SourceQuality "1"]

1. c4 e6 2. Nf3 d5 3. g3 Nf6 4. Bg2 Be7 5. 0-0 0-0 6. d4 dxc4 7. Qc2 a6 8. Qxc4 b5 9. Qc2 Bb7 10. Bd2 Be4 11. Qc1 Bb7 12. a3 Qc8 13. b4 Ne4 14. Bf4 Bd6 15. Nc3 Bxf4 16. gxf4 Nd7 17. Nxe4 Bxe4 18. Qe3 Qb7 19. Rfc1 a5 20. Ne5 Bxg2 21. Nxd7 Rfd8 22. Nc5 Qd5 23. h3 axb4 24. axb4 Rxa1 25. Rxa1 Ra8 26. Rc1 f5 27. Nxe6 Bxh3 28. f3 Re8 29. Nxc7 Rxe3 30. Nxd5 Rxe2 31. Rc7 h5 32. Ne7+ Kh7 33. d5 Rg2+ 34. Kh1 Rd2 35. d6 Bg2+ 36. Kg1 Bxf3 37. Nxf5 Kg6 38. Nxg7 Rxd6 39. Kf2 Bg4 40. Kg3 Rd3+ 41. Kg2 h4 42. f5+ Kf6 43. Ne8+ Kxf5 44. Rf7+ Ke6 45. Rh7 h3+ 46. Kh2 Rd2+ 47. Kg3 Rg2+ 48. Kf4 h2 49. Nc7+ Kd6 50. Nxb5+ Kc6 51. Nd4+ Kb6 52. Rh6+ Kb7 53. Nf3 Bxf3 54. Kxf3 Rb2 55. Kg3 Rxb4 1/2-1/2

[Event "Wch Blitz"]
[Site "Samarkand"]
[Date "2023.12.29"]
[Round "1"]
[White "Nasuta, Grzegorz"]
[Black "Korobov, Anton"]
[Result "1/2-1/2"]
[WhiteElo "2579"]
[BlackElo "2672"]
[PlyCount "129"]
[EventDate "2023.12.29"]
[EventType "swiss (blitz)"]
[EventRounds "21"]
[EventCountry "UZB"]
[SourceTitle "CB01_2024"]
[SourceDate "2024.01.03"]
[SourceVersion "1"]
[SourceVersionDate "2024.01.03"]
[SourceQuality "1"]

1. e4 e6 2. d4 d5 3. e5 c5 4. c3 Nc6 5. Nf3 Bd7 6. Be2 Nge7 7. 0-0 Nf5 8. dxc5 Bxc5 9. Bd3 Nh4 10. Nbd2 Ng6 11. Nb3 Bb6 12. Re1 Bc7 13. Bxg6 fxg6 14. Nc5 b6 15. Bg5 Qc8 16. Nxd7 Qxd7 17. c4 d4 18. Qd3 0-0 19. Rad1 Rf5 20. Bh4 Raf8 21. Nxd4 Nxd4 22. Qxd4 Qxd4 23. Rxd4 Rxe5 24. Rde4 Rxe4 25. Rxe4 Kf7 26. Kf1 h6 27. Rd4 Ke8 28. Bg3 Bxg3 29. hxg3 Ke7 30. Ke2 g5 31. g4 g6 32. Ke3 h5 33. f3 e5 34. Rd1 hxg4 35. fxg4 Rf4 36. b3 Rxg4 37. Kf3 Rf4+ 38. Ke3 g4 39. Rh1 Ke6 40. Rh8 Rf1 41. Re8+ Kd6 42. Rd8+ Kc6 43. Rg8 Ra1 44. Rxg6+ Kc5 45. Rxg4 Rxa2 46. Rg5 Kb4 47. Rxe5 Kxb3 48. c5 bxc5 49. Rxc5 Rxg2 50. Rb5+ Kc3 51. Ra5 Rg7 52. Ra6 Rd7 53. Ke2 Kb4 54. Ra2 a5 55. Rd2 Rc7 56. Kd1 Kb3 57. Rd3+ Kb2 58. Rd2+ Kb3 59. Rd3+ Kb4 60. Rd2 a4 61. Rc2 Rh7 62. Kc1 a3 63. Kb1 Kb3 64. Rc1 Rh2 65. Re1 1/2-1/2

[Event "Wch Rapid"]
[Site "Samarkand"]
[Date "2023.12.26"]
[Round "3"]
[White "Pingin, Artem"]
[Black "Korobov, Anton"]
[Result "1/2-1/2"]
[WhiteElo "2419"]
[BlackElo "2672"]
[PlyCount "57"]
[EventDate "2023.12.26"]
[EventType "swiss (rapid)"]
[EventRounds "13"]
[EventCountry "UZB"]
[SourceTitle "CB01_2024"]
[SourceDate "2024.01.03"]
[SourceVersion "1"]
[SourceVersionDate "2024.01.03"]
[SourceQuality "1"]

1. e4 c5 2. Nf3 d6 3. d4 cxd4 4. Nxd4 Nf6 5. Nc3 a6 6. h3 e6 7. g4 b5 8. g5 Nfd7 9. a3 Bb7 10. Be3 Be7 11. h4 Nc6 12. Rg1 Rc8 13. Nxc6 Rxc6 14. Qd4 0-0 15. 0-0-0 Qa8 16. h5 Rfc8 17. Bd2 Ne5 18. h6 Bf8 19. Rg3 Nc4 20. f4 e5 21. Qf2 Nxd2 22. Rxd2 exf4 23. Qxf4 Rc5 24. Rf3 R8c7 25. Nd5 Bxd5 26. exd5 Rxd5 27. Bd3 g6 28. Be4 Rxd2 29. Bxa8 1/2-1/2

[Event "Titled Tuesday intern op 19th Dec Early"]
[Site "Chess.com INT"]
[Date "2023.12.19"]
[Round "8"]
[White "Kamsky, Gata"]
[Black "Korobov, Anton"]
[Result "1-0"]
[WhiteElo "2634"]
[BlackElo "2672"]
[PlyCount "49"]
[EventDate "2023.12.19"]
[EventType "swiss (blitz)"]
[EventRounds "11"]
[EventCountry "USA"]
[SourceTitle "CB52_2023"]
[SourceDate "2023.12.27"]
[SourceVersion "1"]
[SourceVersionDate "2023.12.27"]
[SourceQuality "1"]

1. d4 Nf6 2. Bf4 c5 3. e3 Nd5 4. Bg3 Qb6 5. Nc3 Nxc3 6. bxc3 e6 7. Bd3 Qa5 8. Qd2 Nc6 9. Nf3 d5 10. 0-0 c4 11. Be2 Ba3 12. Rab1 0-0 13. e4 dxe4 14. Ne5 Nxe5 15. Bxe5 f6 16. Bf4 Qd5 17. f3 f5 18. fxe4 fxe4 19. Be5 h6 20. Rxf8+ Bxf8 21. Qf4 Bd7 22. Rf1 Bc6 23. Qf7+ Kh8 24. Qg6 Qd7 25. Rf7 1-0